منصو ر حو شتر کی ا نفر ا د ی صلا حيت (Record no. 166556)

MARC details
000 -LEADER
fixed length control field 00749nam a22001937a 4500
005 - DATE AND TIME OF LATEST TRANSACTION
control field 20190729114157.0
010 ## - LCCN (DPL NO)
LC control number UR-10302
020 ## - INTERNATIONAL STANDARD BOOK NUMBER
Terms of availability 200.00
International Standard Book Number 9789388356107
035 ## - SYSTEM CONTROL NUMBER
System control number U-8857
037 ## - SOURCE OF ACQUISITION
Source of stock number/acquisition DBAD/PUB
082 ## - DEWEY DECIMAL CLASSIFICATION NUMBER
Classification number 840.08
100 ## - MAIN ENTRY--PERSONAL NAME
Personal name مر تبہ: نز ير فتح پو ر ی
245 ## - TITLE STATEMENT
Title منصو ر حو شتر کی ا نفر ا د ی صلا حيت
Statement of responsibility, etc مر تبہ: نز ير فتح پو ر ی
246 ## - VARYING FORM OF TITLE
Remainder of title Mansoor Khushter ki Inferadi Salahiyat (Urdu)
Title proper/short title Comp.by Nazir Fatahpuri
260 ## - PUBLICATION, DISTRIBUTION, ETC. (IMPRINT)
Place of publication, distribution, etc Delhi
Name of publisher, distributor, etc Educational Publishing House
Date of publication, distribution, etc 2018 ء
270 ## - ADDRESS
Address 3191,Vakil Street,Kucha Pandit Lal Kuan,
City Delhi
Postal code 110006
Telephone number 23216162
Fax number 0091-1123211540
300 ## - PHYSICAL DESCRIPTION
Extent 96 ص
Dimensions 22 Cm(Hb)
942 ## - ADDED ENTRY ELEMENTS (KOHA)
Source of classification or shelving scheme Dewey Decimal Classification
Item type Urdu Bks
Classification part 840.08
Call number suffix م ن ص
Holdings
Withdrawn status Lost status Not for loan Collection code Home library Current library Date acquired Source of acquisition Cost, normal purchase price Full call number Barcode Copy number Cost, replacement price Koha item type
    Not For Loan Non-fiction D.B.Act.Division D.B.Act.Division 29/07/2019 DBAD/PUB 200.00 840.08 م ن ص U-8857 1 200.00 Urdu Bks

© Delhi Public Library
Hit Counter
free hit counter